[Event "StM 2004"]
[Site "Hartberg"]
[Date "2004.??.??"]
[Round "6.2"]
[White "Danner, Georg"]
[Black "Schweda, Roland"]
[Result "1-0"]
[WhiteElo "2432"]
[BlackElo "2420"]
[PlyCount "93"]
[EventDate "2004.??.??"]

1. d4 Nf6 2. Nf3 g6 3. c4 Bg7 4. Nc3 O-O 5. e4 d6 6. Be2 Na6 7. O-O e5 8. d5
Nc5 9. Qc2 a5 10. Bg5 h6 11. Be3 b6 12. Nd2 Bg4 13. f3 Bd7 14. b3 Nh5 15. Rfe1
f5 16. a3 Nf4 17. Bf1 fxe4 18. Ndxe4 g5 19. b4 Nxe4 20. fxe4 axb4 21. axb4 Rxa1
22. Rxa1 g4 23. c5 bxc5 24. bxc5 Qg5 25. Qd2 g3 26. cxd6 gxh2+ 27. Kh1 cxd6 28.
Ne2 Qg6 29. Nxf4 exf4 30. Bd4 Qxe4 31. Bxg7 Kxg7 32. Re1 Qf5 33. Qb2+ Qf6 34.
Re7+ Rf7 35. Rxf7+ Kxf7 36. Qb7 Qe7 37. Be2 Bf5 38. Bh5+ Kf6 39. Qb4 Kg5 40.
Bf3 Bg4 41. Bxg4 Kxg4 42. Qc3 Qe5 43. Qxe5 dxe5 44. d6 e4 45. d7 f3 46. d8=Q f2
47. Qd1+ 1-0

[Event "StM 2004"]
[Site "Hartberg"]
[Date "2004.??.??"]
[Round "6.3"]
[White "Pilaj, Herwig"]
[Black "Lehner, Oliver"]
[Result "1-0"]
[WhiteElo "2425"]
[BlackElo "2425"]
[PlyCount "83"]
[EventDate "2004.??.??"]

1. e4 Nf6 2. e5 Nd5 3. d4 d6 4. c4 Nb6 5. exd6 exd6 6. Nc3 Nc6 7. h3 Be7 8. Nf3
O-O 9. Be2 Bf5 10. O-O Bg6 11. Be3 Bf6 12. Rc1 Re8 13. d5 Ne5 14. Nxe5 Bxe5 15.
f4 Bxc3 16. Rxc3 Be4 17. Bd4 c6 18. Rg3 f6 19. Bh5 Rf8 20. Qg4 Qd7 21. Qe6+
Qxe6 22. dxe6 g6 23. f5 Kg7 24. Rf4 Bxf5 25. Rxf5 c5 26. Bxg6 hxg6 27. Rfg5 Kh7
28. Rxg6 Rg8 29. Rxg8 Rxg8 30. Rxg8 Kxg8 31. Bxf6 Nxc4 32. Kf2 d5 33. Ke2 b6
34. g4 Nd6 35. g5 Ne4 36. h4 d4 37. Kd3 Nf2+ 38. Ke2 Ne4 39. Kd3 Nf2+ 40. Kc2
d3+ 41. Kc1 Ne4 42. Be5 1-0

[Event "StM 2004"]
[Site "Hartberg"]
[Date "2004.??.??"]
[Round "6.6"]
[White "Freitag, Manfred"]
[Black "Karner, Christoph"]
[Result "1-0"]
[WhiteElo "2397"]
[BlackElo "2364"]
[PlyCount "75"]
[EventDate "2004.??.??"]

1. d4 Nf6 2. c4 g6 3. Nc3 Bg7 4. e4 d6 5. Be2 O-O 6. Bg5 Na6 7. Qd2 c5 8. d5
Nc7 9. Nf3 a6 10. a4 Rb8 11. a5 b5 12. axb6 Rxb6 13. e5 dxe5 14. Be3 e4 15. Ng5
Nd7 16. Na4 Rb8 17. Nxe4 f5 18. Nec3 e5 19. f3 Ne8 20. Nxc5 Qh4+ 21. Bf2 Bh6
22. Bxh4 Bxd2+ 23. Kxd2 Nxc5 24. Ra2 Rf7 25. Bf2 Nb3+ 26. Kc2 Rc7 27. Rd1 Nd6
28. Ra3 Nc5 29. g3 Rb4 30. b3 e4 31. f4 Nd7 32. Bd4 Kf7 33. Ra4 Rb8 34. Rb1 Nc5
35. Bxc5 Rxc5 36. b4 Rxc4 37. Bxc4 Nxc4 38. b5 1-0

[Event "StM 2004"]
[Site "Hartberg"]
[Date "2004.??.??"]
[Round "6.7"]
[White "Lendwai, Reinhard"]
[Black "Benda, Herbert"]
[Result "1/2-1/2"]
[WhiteElo "2388"]
[BlackElo "2336"]
[PlyCount "73"]
[EventDate "2004.??.??"]

1. e4 e5 2. Bc4 Nf6 3. d3 c6 4. Nf3 d5 5. Bb3 a5 6. a3 a4 7. Ba2 Bd6 8. Nc3 d4
9. Ne2 O-O 10. h3 Nbd7 11. O-O Nc5 12. Nd2 Be6 13. Nc4 Bc7 14. f4 exf4 15. Bxf4
b5 16. Ne5 Bxa2 17. Rxa2 Qe8 18. Nf3 Bxf4 19. Nxf4 Ne6 20. Qd2 c5 21. Raa1 Ra6
22. Rf2 Nxf4 23. Qxf4 Nd7 24. Raf1 Rf6 25. Qd2 Qb8 26. Nh4 Rxf2 27. Rxf2 f6 28.
Rf5 Ne5 29. Nf3 b4 30. Qf4 bxa3 31. bxa3 Re8 32. Nxe5 Rxe5 33. Rxe5 Qxe5 34.
Qxe5 fxe5 35. Kf2 Kf7 36. Kf3 g5 37. g4 1/2-1/2

[Event "StM 2004"]
[Site "Hartberg"]
[Date "2004.??.??"]
[Round "6.8"]
[White "Mahdy, Khaled"]
[Black "Diermair, Andreas"]
[Result "1/2-1/2"]
[WhiteElo "2379"]
[BlackElo "2236"]
[PlyCount "31"]
[EventDate "2004.??.??"]

1. e4 b6 2. d4 Bb7 3. Nd2 e6 4. Ngf3 c5 5. c3 Nf6 6. Bd3 Nc6 7. a3 d5 8. e5 Nd7
9. Nf1 Qc7 10. Ng3 h6 11. O-O O-O-O 12. Re1 Be7 13. b4 c4 14. Bf1 b5 15. a4 a6
16. a5 1/2-1/2

[Event "StM 2004"]
[Site "Hartberg"]
[Date "2004.??.??"]
[Round "6.9"]
[White "Schroll, Gerhard"]
[Black "Beck, Hartmuth"]
[Result "1/2-1/2"]
[WhiteElo "2367"]
[BlackElo "2279"]
[PlyCount "67"]
[EventDate "2004.??.??"]

1. e4 c5 2. Nf3 g6 3. d4 Bg7 4. dxc5 Qa5+ 5. c3 Qxc5 6. Be3 Qc7 7. Bd3 Nf6 8.
h3 O-O 9. Na3 Nc6 10. Nb5 Qb8 11. c4 d6 12. O-O Nb4 13. Bb1 Be6 14. Qd2 Nc6 15.
Bd3 Rc8 16. Rac1 Nd7 17. b3 Nc5 18. Bb1 a6 19. Nbd4 Bd7 20. Ng5 Be8 21. f4 Nxd4
22. Bxd4 Qa7 23. Be3 a5 24. e5 dxe5 25. fxe5 b6 26. Qf2 f6 27. exf6 exf6 28.
Ne4 f5 29. Nxc5 bxc5 30. Rcd1 Bf7 31. a4 Rab8 32. Bc2 Rb7 33. Rd2 Re7 34. Rfd1
1/2-1/2

[Event "StM 2004"]
[Site "Hartberg"]
[Date "2004.??.??"]
[Round "6.10"]
[White "Srienz, Christian"]
[Black "Neumeier, Klaus"]
[Result "1-0"]
[WhiteElo "2256"]
[BlackElo "2305"]
[PlyCount "87"]
[EventDate "2004.??.??"]

1. c4 g6 2. g3 Bg7 3. Bg2 d6 4. Nc3 e5 5. e3 Nc6 6. b3 h5 7. h3 h4 8. g4 f5 9.
gxf5 Bxf5 10. d3 e4 11. d4 Nf6 12. b4 Qd7 13. a3 a6 14. Nge2 Qf7 15. Qb3 b5 16.
Qb1 bxc4 17. Nxe4 d5 18. Nxf6+ Bxf6 19. Qb2 O-O 20. Bd2 Rab8 21. Nc3 Be6 22. f4
Na5 23. O-O c6 24. a4 Nb3 25. Ra2 Qg7 26. b5 Qd7 27. Kh2 axb5 28. axb5 cxb5 29.
Ra6 b4 30. Na4 Kg7 31. Nb6 Qf7 32. Bxb4 Rfe8 33. Bd6 Rb7 34. Be5 Rd8 35. Qc3
Bxe5 36. fxe5 Qe7 37. Rf6 Bf7 38. Qc2 Ra7 39. Nxd5 Rxd5 40. Rxa7 Rd7 41. Rxd7
Qxd7 42. Be4 Qe8 43. Qf2 Nc5 44. Rxf7+ 1-0

[Event "StM 2004"]
[Site "Hartberg"]
[Date "2004.??.??"]
[Round "6.11"]
[White "Schwab, Rene"]
[Black "Hoelzl, Franz"]
[Result "0-1"]
[WhiteElo "2240"]
[BlackElo "2373"]
[PlyCount "80"]
[EventDate "2004.??.??"]

1. e4 c5 2. Nf3 d6 3. d4 cxd4 4. Nxd4 Nf6 5. Bd3 g6 6. O-O Bg7 7. c4 O-O 8. Nc3
Nc6 9. Nde2 Ne5 10. b3 Nxd3 11. Qxd3 b5 12. cxb5 a6 13. Bb2 axb5 14. Nxb5 Ba6
15. a4 Qb8 16. Bd4 d5 17. exd5 Rd8 18. Nec3 Ng4 19. g3 e5 20. Bc5 f5 21. d6 Kh8
22. Qd5 Nf6 23. Qf7 Rd7 24. Qe6 Qb7 25. Rac1 Qf3 26. Rfd1 Bb7 27. Kf1 Re8 28.
Qc4 Bh6 29. Nc7 Qh1+ 30. Ke2 Qf3+ 31. Kf1 Red8 32. Ke1 Qh1+ 33. Qf1 Qxh2 34.
Ne2 Ne4 35. Rc2 Ng5 36. Rd3 Nh3 37. f3 Rxc7 38. Bg1 Nxg1 39. Rxc7 Nxe2 40. Rxb7
Nxg3 0-1

[Event "StM 2004"]
[Site "Hartberg"]
[Date "2004.??.??"]
[Round "6.13"]
[White "Brandner, Stefan"]
[Black "Poeltl, Thomas"]
[Result "1-0"]
[WhiteElo "2328"]
[BlackElo "2217"]
[PlyCount "67"]
[EventDate "2004.??.??"]

1. e4 c5 2. Nf3 e6 3. d3 d5 4. Nbd2 Nc6 5. g3 g6 6. Bg2 Bg7 7. O-O Nge7 8. Re1
O-O 9. h4 h5 10. e5 Qc7 11. Qe2 b5 12. Nf1 a5 13. N1h2 Nf5 14. c3 Nh6 15. Bf4
Ne7 16. Ng5 Bb7 17. g4 hxg4 18. Nxg4 Nef5 19. Nxh6+ Bxh6 20. Qg4 Kg7 21. h5 Qd7
22. Re3 Nxe3 23. fxe3 Rae8 24. Rf1 Rh8 25. Nxf7 Qxf7 26. Bxh6+ Rxh6 27. Rxf7+
Kxf7 28. Qf4+ Kg7 29. Qf6+ Kg8 30. hxg6 Rf8 31. Qxe6+ Kh8 32. Qe7 Kg8 33. Qxb7
Rxg6 34. Qxd5+ 1-0

[Event "StM 2004"]
[Site "Hartberg"]
[Date "2004.??.??"]
[Round "6.15"]
[White "Arwanitakis, Michael"]
[Black "Roth, Peter"]
[Result "1-0"]
[WhiteElo "2242"]
[BlackElo "2244"]
[PlyCount "141"]
[EventDate "2004.??.??"]

1. e4 e6 2. d4 d5 3. Nc3 Nf6 4. e5 Ne4 5. Nxe4 dxe4 6. Bc4 a6 7. Ne2 c5 8. c3
cxd4 9. cxd4 Nc6 10. Bb3 Bb4+ 11. Bd2 Qa5 12. Bc3 Bd7 13. Bc2 O-O-O 14. O-O
Bxc3 15. bxc3 f5 16. exf6 gxf6 17. Bxe4 f5 18. Bf3 e5 19. d5 e4 20. dxc6 Bxc6
21. Nd4 Qxc3 22. Bxe4 fxe4 23. Qg4+ Kb8 24. Nxc6+ Qxc6 25. Rfe1 Rhe8 26. h3 Ka8
27. Re2 Rd4 28. Rae1 Qd5 29. Qg3 Rd2 30. Kh2 Rxa2 31. Rxe4 Rxe4 32. Rxe4 Qxe4
33. Qg8+ Ka7 34. Qxa2 b5 35. Qd2 b4 36. f4 a5 37. Qd7+ Kb6 38. f5 b3 39. Qd6+
Qc6 40. Qb8+ Qb7 41. Qd6+ Kb5 42. Qe5+ Kc4 43. f6 b2 44. Qf4+ Kc3 45. f7 Qxf7
46. Qxf7 b1=Q 47. Qc7+ Kd4 48. Qxa5 Qb8+ 49. Kg1 Qb1+ 50. Kf2 Qc2+ 51. Kg3 Qg6+
52. Kh2 h5 53. Qd2+ Kc5 54. Qe3+ Kc6 55. Qf4 Kb7 56. g4 hxg4 57. hxg4 Ka8 58.
Kg3 Qb1 59. Qf3+ Kb8 60. Qe3 Ka8 61. g5 Qh7 62. Qe8+ Ka7 63. Kg4 Qb1 64. Qf7+
Ka8 65. Kh5 Qh1+ 66. Kg6 Qc6+ 67. Kh7 Qc7 68. g6 Qh2+ 69. Kg8 Qc7 70. Qe8+ Ka7
71. Kf8 1-0

[Event "StM 2004"]
[Site "Hartberg"]
[Date "2004.??.??"]
[Round "6.16"]
[White "Zoebisch, Herbert"]
[Black "Baumegger, Siegfried"]
[Result "0-1"]
[WhiteElo "2187"]
[BlackElo "2433"]
[PlyCount "126"]
[EventDate "2004.??.??"]

1. d4 Nf6 2. c4 e6 3. Nc3 Bb4 4. e3 O-O 5. Bd3 c5 6. Nf3 b6 7. Bd2 Bb7 8. O-O
cxd4 9. exd4 d5 10. cxd5 Nxd5 11. a3 Be7 12. Re1 Nc6 13. Nxd5 Qxd5 14. Be4 Qd7
15. Ne5 Nxe5 16. Bxb7 Qxb7 17. dxe5 Rfd8 18. Qe2 Rd5 19. a4 Rad8 20. Bc3 Qd7
21. h3 a5 22. Qc4 Bc5 23. Re4 g6 24. Rae1 Rd3 25. Rc1 Rd1+ 26. Re1 Rd3 27. Re4
Qe7 28. Rce1 Kg7 29. Kf1 h5 30. Kg1 Qd7 31. Rb1 Rc8 32. Qa6 Rc7 33. Rbe1 Qd5
34. Qb5 Qd8 35. Kf1 Rd5 36. Qb3 Qg5 37. R4e2 Qf4 38. Kg1 g5 39. Qc2 Bb4 40. Re4
Qf5 41. Qe2 Bxc3 42. bxc3 Kh6 43. c4 Rd8 44. g4 Qg6 45. Qe3 Rc5 46. Kg2 hxg4
47. hxg4 Kg7 48. Rh1 Rh8 49. Rxh8 Kxh8 50. Qd4 Kg7 51. f3 Rc8 52. Qxb6 Rh8 53.
Qg1 Qh7 54. Kf2 Rb8 55. Ke2 Rb2+ 56. Kd3 Rb3+ 57. Ke2 Rb4 58. Ke3 Rxa4 59. Qc1
Qh2 60. Kd3 Kg6 61. Re2 Qh8 62. Ke3 Qxe5+ 63. Kf2 Qh2+ 0-1

[Event "StM 2004"]
[Site "Hartberg"]
[Date "2004.??.??"]
[Round "6.17"]
[White "Krebs, Johann"]
[Black "Fahrner, Kurt"]
[Result "0-1"]
[WhiteElo "2223"]
[BlackElo "2342"]
[PlyCount "82"]
[EventDate "2004.??.??"]

1. d4 d5 2. c4 c6 3. Nf3 Nf6 4. Nc3 a6 5. a4 e6 6. Bg5 Be7 7. Qc2 Nbd7 8. e3
O-O 9. c5 b6 10. cxb6 Qxb6 11. a5 Qd8 12. Be2 c5 13. O-O Bb7 14. Rfc1 cxd4 15.
exd4 Ne4 16. Bxe7 Qxe7 17. b4 Qxb4 18. Rab1 Qxc3 19. Qa4 Ndf6 20. Rxc3 Nxc3 21.
Qc2 Nxb1 22. Qxb1 Bc6 23. Ne5 Bb5 24. Bxb5 Rab8 25. Qd3 Rxb5 26. Nc6 Kh8 27. f3
Rc8 28. Ne5 Rxa5 29. Nxf7+ Kg8 30. Ng5 Rc1+ 31. Kf2 Ra2+ 32. Kg3 Rcc2 33. h4
Rxg2+ 34. Kf4 Rae2 35. Ne4 dxe4 36. Qxa6 exf3 37. Kxf3 Ref2+ 38. Ke3 Nd5+ 39.
Ke4 Re2+ 40. Kf3 Rgf2+ 41. Kg3 h5 0-1

[Event "StM 2004"]
[Site "Hartberg"]
[Date "2004.??.??"]
[Round "6.18"]
[White "Wiedner, Robert"]
[Black "Rolletschek, Heinrich"]
[Result "0-1"]
[WhiteElo "2214"]
[BlackElo "2316"]
[PlyCount "88"]
[EventDate "2004.??.??"]

1. c4 g6 2. e4 Bg7 3. d4 d6 4. Nc3 e5 5. dxe5 dxe5 6. Be3 Qxd1+ 7. Rxd1 c6 8.
Nf3 f6 9. Nd2 Be6 10. Nb3 Bh6 11. Nc5 Bc8 12. Kd2 Nd7 13. Nd3 Nf8 14. g3 Bxe3+
15. Kxe3 Nh6 16. f4 Ke7 17. fxe5 Ng4+ 18. Kf4 fxe5+ 19. Kf3 Ne6 20. Ke2 Nd4+
21. Kd2 Rf8 22. Be2 Nf2 23. Nxf2 Rxf2 24. Ke3 Rf8 25. Rdf1 Bh3 26. Rxf8 Rxf8
27. Bd1 h5 28. Nb1 Kd6 29. Nd2 a5 30. a3 Kc5 31. Ba4 Kd6 32. Rc1 Kc5 33. Rb1 b6
34. Rc1 g5 35. Bd1 h4 36. Rb1 Kd6 37. Rc1 Be6 38. Be2 hxg3 39. hxg3 Rh8 40. c5+
bxc5 41. Bc4 Rh2 42. b3 Rg2 43. Bxe6 Kxe6 44. Rxc5 Rxd2 0-1

[Event "StM 2004"]
[Site "Hartberg"]
[Date "2004.??.??"]
[Round "6.19"]
[White "Schnider, Gert"]
[Black "Kreisl, Robert"]
[Result "1/2-1/2"]
[WhiteElo "2314"]
[BlackElo "2206"]
[PlyCount "101"]
[EventDate "2004.??.??"]

1. d4 Nf6 2. c4 g6 3. Nc3 d5 4. Nf3 Bg7 5. Bg5 Ne4 6. cxd5 Nxg5 7. Nxg5 e6 8.
Qd2 exd5 9. Qe3+ Kf8 10. Qf4 Bf6 11. h4 Kg7 12. e4 dxe4 13. O-O-O h6 14. Ngxe4
Be6 15. Nc5 Bd5 16. Bd3 Nd7 17. Be4 Bxe4 18. N3xe4 Nxc5 19. dxc5 Qe7 20. Qxf6+
Qxf6 21. Nxf6 Kxf6 22. Rd7 Rac8 23. Rh3 Ke6 24. Rd4 Rhe8 25. Ra3 Ra8 26. c6
bxc6 27. Rc3 Red8 28. Re3+ Kf5 29. g4+ Kf6 30. Rf4+ Kg7 31. Re7 Rf8 32. Rxc7 a5
33. Rxc6 Ra7 34. Rd4 Re8 35. Rc5 Re2 36. Rd2 Re4 37. f3 Re3 38. Rc3 Re1+ 39.
Rd1 Re2 40. Rc2 Re3 41. Rf1 a4 42. Kd2 Re6 43. Rc3 Rd7+ 44. Rd3 Rb7 45. b3 axb3
46. axb3 Reb6 47. Rb1 Kf6 48. Kc2 Ke5 49. Re1+ Kf4 50. h5 gxh5 51. Re4+ 1/2-1/2

[Event "StM 2004"]
[Site "Hartberg"]
[Date "2004.??.??"]
[Round "6.20"]
[White "Hatzl, Stefan"]
[Black "Petschar, Kurt"]
[Result "1/2-1/2"]
[WhiteElo "2213"]
[BlackElo "2289"]
[PlyCount "75"]
[EventDate "2004.??.??"]

1. e4 Nf6 2. e5 Nd5 3. c4 Nb6 4. d4 d6 5. f4 dxe5 6. fxe5 Nc6 7. Be3 Bf5 8. Nc3
e6 9. Nf3 Bg4 10. Be2 Bxf3 11. gxf3 Qh4+ 12. Bf2 Qf4 13. Qd2 Qxd2+ 14. Kxd2
O-O-O 15. Kc2 Nxd4+ 16. Bxd4 Rxd4 17. Nb5 Rh4 18. Nxa7+ Kb8 19. Nb5 c6 20. Nc3
Nxc4 21. Bxc4 Rxc4 22. Rad1 Kc7 23. Rhg1 g6 24. Rd3 Bg7 25. Rgd1 Bxe5 26. Rd7+
Kb6 27. Rxf7 Rf4 28. Re7 Rxf3 29. Rdd7 Bxc3 30. Rxb7+ Kc5 31. bxc3 Rf2+ 32. Kb3
Rxh2 33. Rxe6 Rf8 34. Re4 Rff2 35. Rc4+ Kd6 36. Rd4+ Ke6 37. Rc7 Rxa2 38. Rxc6+
1/2-1/2

[Event "StM 2004"]
[Site "Hartberg"]
[Date "2004.??.??"]
[Round "6.22"]
[White "Holzer, Gerhard"]
[Black "Petroczi, Thomas"]
[Result "1-0"]
[WhiteElo "2270"]
[BlackElo "2176"]
[PlyCount "57"]
[EventDate "2004.??.??"]

1. b3 Nf6 2. Bb2 d5 3. e3 Bf5 4. Nf3 Nbd7 5. Be2 h6 6. Nd4 Bh7 7. f4 e6 8. O-O
c6 9. Nf3 Bd6 10. c4 O-O 11. d4 Ne4 12. c5 Be7 13. b4 b6 14. Nc3 a5 15. a3 Bf6
16. Qc1 Qb8 17. Nd2 axb4 18. Ncxe4 Bxe4 19. Nxe4 dxe4 20. axb4 Rxa1 21. Bxa1
bxc5 22. bxc5 Bd8 23. Qc2 f5 24. Qa2 Re8 25. Rb1 Qc7 26. Bc3 Nf6 27. Qa6 Be7
28. Rb7 Qc8 29. Rxe7 1-0

[Event "StM 2004"]
[Site "Hartberg"]
[Date "2004.??.??"]
[Round "6.23"]
[White "Kwatschewsky, Leo"]
[Black "Posch, Werner"]
[Result "1/2-1/2"]
[WhiteElo "2255"]
[BlackElo "2172"]
[PlyCount "39"]
[EventDate "2004.??.??"]

1. d4 Nf6 2. Nf3 e6 3. c4 Nc6 4. a3 a5 5. Nc3 d6 6. d5 Ne5 7. e4 Be7 8. Be2 O-O
9. Nxe5 dxe5 10. Be3 exd5 11. cxd5 Bd7 12. O-O b5 13. f3 b4 14. Na4 Bd6 15. Nc5
Qe7 16. Rc1 bxa3 17. bxa3 Rfb8 18. a4 Be8 19. Qc2 c6 20. dxc6 1/2-1/2

[Event "StM 2004"]
[Site "Hartberg"]
[Date "2004.??.??"]
[Round "6.25"]
[White "Hosp, Reinhard"]
[Black "Sandhoefner, Florian"]
[Result "1/2-1/2"]
[WhiteElo "2131"]
[BlackElo "2240"]
[PlyCount "106"]
[EventDate "2004.??.??"]

1. e4 c5 2. Nf3 d6 3. c3 Nf6 4. Bd3 Nc6 5. h3 e5 6. Bc2 Be7 7. O-O O-O 8. d3 d5
9. Qe2 Qc7 10. Re1 d4 11. Nbd2 a6 12. g4 b5 13. Nf1 Nd7 14. Ng3 Rd8 15. Nf5 Bf8
16. Ng5 Nb6 17. cxd4 Bxf5 18. gxf5 Nxd4 19. Qd1 c4 20. Re3 Nxc2 21. Qxc2 Bc5
22. Rg3 cxd3 23. Qd1 d2 24. Bxd2 Nc4 25. Qh5 h6 26. Ne6 Bxf2+ 27. Kxf2 Rxd2+
28. Kg1 fxe6 29. f6 Rd7 30. Qxh6 Rf8 31. Kh1 Qb7 32. Rag1 Rff7 33. R1g2 Nd6 34.
fxg7 Rxg7 35. Qxe6+ Kf8 36. Rxg7 Rxg7 37. Qxd6+ Kg8 38. Qxe5 Rxg2 39. Qe6+ Kg7
40. Kxg2 Qc7 41. Kf3 Qc1 42. Qe5+ Kg6 43. Kg4 Qd1+ 44. Kh4 Qd8+ 45. Kg3 Qd3+
46. Kg4 Qd1+ 47. Kh4 Qd8+ 48. Kg4 Qd1+ 49. Kf4 Qd2+ 50. Kg3 Qd3+ 51. Kh2 Qd2+
52. Kg1 Qd1+ 53. Kf2 Qd2+ 1/2-1/2

[Event "StM 2004"]
[Site "Hartberg"]
[Date "2004.??.??"]
[Round "6.26"]
[White "Wegerer, Fred"]
[Black "Sadilek, Maximilian"]
[Result "1-0"]
[WhiteElo "2230"]
[BlackElo "2130"]
[PlyCount "75"]
[EventDate "2004.??.??"]

1. d4 d5 2. Nf3 Nc6 3. c3 Bf5 4. Nbd2 e6 5. Qa4 Bd6 6. g3 Nf6 7. Nh4 O-O 8. Bg2
Rb8 9. Nxf5 exf5 10. Qc2 Ne4 11. Nf1 Qf6 12. Ne3 Ne7 13. O-O f4 14. Nxd5 Nxd5
15. Bxe4 Ne7 16. Bxh7+ Kh8 17. Be4 g5 18. Bd2 Qh6 19. c4 Kg7 20. c5 Rh8 21. h4
gxh4 22. g4 Qe6 23. cxd6 Qxg4+ 24. Kh2 Ng6 25. Bxg6 fxg6 26. Rg1 Qe6 27. dxc7
Rbf8 28. d5 Qd6 29. Bb4 Qb6 30. Rxg6+ Qxg6 31. Bxf8+ Rxf8 32. Rg1 Qxg1+ 33.
Kxg1 f3 34. Qc3+ Kh7 35. c8=Q Rxc8 36. Qxc8 fxe2 37. Qc2+ Kh6 38. Qxe2 1-0

[Event "StM 2004"]
[Site "Hartberg"]
[Date "2004.??.??"]
[Round "6.27"]
[White "Zsifkovits, Robert"]
[Black "Kuthan, Andreas"]
[Result "1-0"]
[WhiteElo "2142"]
[BlackElo "2269"]
[PlyCount "55"]
[EventDate "2004.??.??"]

1. e4 e6 2. d4 d5 3. e5 c5 4. c3 Nc6 5. Nf3 Qb6 6. Be2 Nh6 7. b3 cxd4 8. cxd4
Nf5 9. Bb2 Bb4+ 10. Kf1 O-O 11. g4 Nh6 12. Rg1 f6 13. exf6 Rxf6 14. g5 Rxf3 15.
gxh6 Rf7 16. Rxg7+ Rxg7 17. hxg7 Qc7 18. Kg2 Qxg7+ 19. Kh1 Bd7 20. Nd2 Rf8 21.
Nf3 Be8 22. Qg1 Bh5 23. Qxg7+ Kxg7 24. Kg2 Bd6 25. Rd1 Ne7 26. Ng1 Bxe2 27.
Nxe2 Bxh2 28. Ba3 1-0

[Event "StM 2004"]
[Site "Hartberg"]
[Date "2004.??.??"]
[Round "6.28"]
[White "Schwaninger, Wolfgang"]
[Black "Krenek, Markus"]
[Result "1-0"]
[WhiteElo "2255"]
[BlackElo "2117"]
[PlyCount "85"]
[EventDate "2004.??.??"]

1. c4 Nf6 2. g3 g6 3. Bg2 Bg7 4. d4 O-O 5. e3 c6 6. Nc3 d5 7. Qb3 dxc4 8. Qxc4
Nbd7 9. Nf3 Nb6 10. Qe2 Nfd7 11. O-O e5 12. Rd1 exd4 13. Nxd4 Qe7 14. a4 a5 15.
b3 Rd8 16. Ba3 Qe8 17. Ne4 Nd5 18. Nd6 Qe5 19. e4 Nb4 20. Nc4 Qc7 21. f4 Nc5
22. e5 Ne6 23. Nf3 Rxd1+ 24. Rxd1 Bd7 25. h4 Rd8 26. Bxb4 axb4 27. Nd6 b5 28.
axb5 cxb5 29. Kh2 Bc6 30. Ng5 Nxg5 31. hxg5 Ba8 32. Nxb5 Qa5 33. Rxd8+ Qxd8 34.
Nd6 Bf8 35. Qa6 Bxg2 36. Kxg2 Bxd6 37. exd6 Kf8 38. Kf3 f5 39. Qc6 Qb8 40. Qd5
Qc8 41. Qd4 Qc2 42. Qf6+ Kg8 43. Qd8+ 1-0

[Event "StM 2004"]
[Site "Hartberg"]
[Date "2004.??.??"]
[Round "6.29"]
[White "Mayerhofer, Peter"]
[Black "Schein, Karl-Heinz"]
[Result "1/2-1/2"]
[WhiteElo "2165"]
[BlackElo "2253"]
[PlyCount "58"]
[EventDate "2004.??.??"]

1. e4 e6 2. d4 d5 3. Nc3 Nf6 4. e5 Nfd7 5. f4 c5 6. Nf3 Nc6 7. Be3 cxd4 8. Nxd4
Bc5 9. Qd2 O-O 10. O-O-O a6 11. g3 Nxd4 12. Bxd4 b5 13. Bg2 Bb7 14. Rhf1 Qc7
15. Ne2 Rfc8 16. Bxc5 Nxc5 17. Nd4 Ne4 18. Qe2 b4 19. g4 a5 20. Bxe4 dxe4 21.
Nb5 Qc6 22. Nd6 Ba6 23. Nxc8 Rxc8 24. Qd2 Bxf1 25. Qd8+ Qe8 26. Qxe8+ Rxe8 27.
Rxf1 f5 28. exf6 gxf6 29. f5 Kg7 1/2-1/2

[Event "StM 2004"]
[Site "Hartberg"]
[Date "2004.??.??"]
[Round "6.30"]
[White "Mueller, Roland"]
[Black "Ferrari, Josef"]
[Result "1-0"]
[WhiteElo "2097"]
[BlackElo "2220"]
[PlyCount "71"]
[EventDate "2004.??.??"]

1. e4 e5 2. Nf3 Nc6 3. Bc4 Bc5 4. c3 Nf6 5. d4 exd4 6. e5 d5 7. b4 Bb6 8. exf6
dxc4 9. b5 O-O 10. O-O Na5 11. Ba3 Re8 12. Be7 Qd5 13. cxd4 Bg4 14. Nc3 Qf5 15.
Nh4 Qf4 16. Nd5 Qxd4 17. Qxd4 Bxd4 18. Nxc7 Bxa1 19. Rxa1 Rac8 20. Nxe8 Rxe8
21. Nf3 Bxf3 22. gxf3 b6 23. Rd1 Rc8 24. Kf1 c3 25. Ke2 Nc4 26. Rc1 Ne5 27. Bb4
c2 28. f4 Ng6 29. Kd2 Nxf4 30. Rxc2 Rd8+ 31. Kc3 Nd5+ 32. Kb3 gxf6 33. Rd2 Rd7
34. Kc4 a5 35. bxa6 b5+ 36. Kc5 1-0

[Event "StM 2004"]
[Site "Hartberg"]
[Date "2004.??.??"]
[Round "6.31"]
[White "Halser, Walter"]
[Black "Titz, Heimo"]
[Result "0-1"]
[WhiteElo "2120"]
[BlackElo "2217"]
[PlyCount "104"]
[EventDate "2004.??.??"]

1. e4 c5 2. Nc3 Nc6 3. f4 g6 4. Nf3 Bg7 5. Bc4 e6 6. f5 Nge7 7. fxe6 dxe6 8.
O-O O-O 9. a3 a6 10. d3 b5 11. Ba2 Qc7 12. Qe1 Nd4 13. Qh4 b4 14. axb4 cxb4 15.
Na4 Ne2+ 16. Kh1 Nxc1 17. Raxc1 Nc6 18. c3 Qa5 19. Bb3 Rb8 20. cxb4 Qxb4 21.
Nc5 Na5 22. Ba2 h6 23. d4 Qxb2 24. Rb1 Qe2 25. Rfe1 Rxb1 26. Bxb1 Qb2 27. e5
Nc6 28. Ne4 Nb4 29. Nf6+ Kh8 30. Qg3 Nd5 31. Nh4 Qc3 32. Qf2 Bxf6 33. exf6 Kh7
34. Rf1 Bd7 35. Nf3 Bb5 36. Re1 Nxf6 37. h4 Kg7 38. Ne5 h5 39. Ba2 Ng4 40. Nxg4
hxg4 41. Kh2 Rd8 42. Rd1 Qc7+ 43. Qg3 Qxg3+ 44. Kxg3 Bc6 45. Rd2 Bd5 46. Bb1 f5
47. Kf4 Kf6 48. g3 a5 49. Bc2 Rc8 50. Bd3 a4 51. Rb2 a3 52. Rb6 a2 0-1

[Event "StM 2004"]
[Site "Hartberg"]
[Date "2004.??.??"]
[Round "6.32"]
[White "Nickl, Klaus"]
[Black "Koffler, Daniel"]
[Result "1/2-1/2"]
[WhiteElo "2171"]
[BlackElo "2080"]
[PlyCount "88"]
[EventDate "2004.??.??"]

1. d4 Nf6 2. Nf3 d5 3. e3 g6 4. Be2 Bg7 5. O-O O-O 6. c4 c5 7. dxc5 dxc4 8. Nc3
Qa5 9. Bxc4 Qxc5 10. Qd4 Qa5 11. Bd2 Nc6 12. Qh4 Qc7 13. Nb5 Qb8 14. Bc3 a6 15.
Nbd4 Nxd4 16. Bxd4 b5 17. Be2 Nd5 18. Bxg7 Kxg7 19. Qd4+ Nf6 20. Ne5 Qa7 21.
Qxa7 Rxa7 22. a4 bxa4 23. Rxa4 Rb7 24. Bxa6 Rxb2 25. h3 Bxa6 26. Rxa6 Rfb8 27.
Ra7 R8b7 28. Rfa1 Rb1+ 29. Kh2 R1b2 30. Kg1 Rb1+ 31. Kh2 R1b2 32. Rxb7 Rxb7 33.
Ra2 h5 34. Kg3 Nd7 35. Nc6 Nf6 36. f3 Rc7 37. Ra6 e6 38. e4 Nd7 39. Nd4 e5 40.
Nb5 Rb7 41. Nd6 Rb6 42. Ne8+ Kf8 43. Ra8 Rb8 44. Rxb8 Nxb8 1/2-1/2

[Event "StM 2004"]
[Site "Hartberg"]
[Date "2004.??.??"]
[Round "6.33"]
[White "Fandler, Simon"]
[Black "Scheffknecht, Philipp"]
[Result "1-0"]
[WhiteElo "1997"]
[BlackElo "2171"]
[PlyCount "79"]
[EventDate "2004.??.??"]

1. e4 c5 2. Nf3 e6 3. d4 cxd4 4. Nxd4 a6 5. Bd3 Nf6 6. c4 d6 7. O-O b6 8. Nc3
Bb7 9. f4 Be7 10. Be3 Nbd7 11. f5 e5 12. Nb3 Bc6 13. Qf3 Rb8 14. g4 h5 15. g5
Ng4 16. g6 Nxe3 17. gxf7+ Kxf7 18. Qxe3 b5 19. Qg3 b4 20. Nd5 Bxd5 21. cxd5 a5
22. Kh1 h4 23. Qg2 a4 24. Nd2 Nc5 25. Be2 Kf8 26. Rg1 Bf6 27. Qf3 b3 28. a3 Rc8
29. Rg6 Nd7 30. Nc4 Nb6 31. Ne3 Rc5 32. Rag1 Rh7 33. Qg2 Nd7 34. h3 Qc7 35. Ng4
Rc1 36. Bd1 Bd8 37. f6 gxf6 38. Rg8+ Ke7 39. Nh6 Rxd1 40. Nf5+ 1-0

[Event "StM 2004"]
[Site "Hartberg"]
[Date "2004.07.29"]
[Round "6.35"]
[White "Sulyok, Michael"]
[Black "Bachofner, Andreas"]
[Result "1/2-1/2"]
[WhiteElo "2219"]
[BlackElo "2230"]
[PlyCount "63"]
[EventDate "2004.??.??"]

1. c4 f5 2. Nf3 Nf6 3. g3 d6 4. d4 e6 5. Bg2 Be7 6. O-O O-O 7. Nc3 Qe8 8. b3 a5
9. Bb2 Na6 10. Re1 Ne4 11. Nd2 Nxd2 12. Qxd2 c6 13. e4 Qh5 14. exf5 Qxf5 15.
Na4 Bd8 16. Re3 Bg5 17. f4 Bd8 18. Bc3 Bc7 19. Rf1 Rb8 20. g4 Qf7 21. Bxa5 b6
22. Bb4 Nxb4 23. Qxb4 Bd7 24. Nb2 c5 25. dxc5 dxc5 26. Qe1 Bxf4 27. Re4 g5 28.
Nd3 Qg7 29. Nxf4 gxf4 30. Rexf4 Rxf4 31. Rxf4 Rf8 32. Rxf8+ 1/2-1/2